000 00402nam a2200157Ia 4500
008 220530s9999 xx 000 0 und d
020 _a81-219-1085-4
041 _aeng
082 _a820
_bROY
100 _aRoy, R. N.
_954026
245 _aEnglish Prose For Pleasure And Profit
_bAn Anthology
250 _a1st.
260 _aNew Delhi
_bS. Chand
_c2010
300 _a138 P.
_bPB
906 _a15
_bALIED
999 _c49471
_d49471